| 000 | 00957nam0a22002891 4500 | ||
|---|---|---|---|
| 001 | RU\NLR\A1SV\7081 | ||
| 005 | 20251203171251.9 | ||
| 035 | _a(NLR Aleph) 009692619 | ||
| 090 |
_a9742697 _c9742696 |
||
| 100 | _a20090808d1921 u y0rusy50 ca | ||
| 101 | 0 | _arus | |
| 102 | _aRU | ||
| 200 | 1 |
_aХлебная продукция Советской и федерируемых с нею республик _fП.Попов |
|
| 210 |
_aМ. _cТип. Моск. сов. нар. хоз. _d[1921] |
||
| 215 |
_a15 с. _cтабл. _d23 см |
||
| 300 | _aБез тит. л. | ||
| 300 | _aАвт. указан в конце текста | ||
| 620 | _dМосква | ||
| 700 | 1 |
_aПопов _bП. И. _cгос. деятель _f1872-1950 _gПавел Ильич _3RU\NLR\AUTH\770228222 |
|
| 801 | 0 |
_aRU _bNLR _c20090808 |
|
| 852 |
_aNLR _j37.62.1.160 |
||
| 852 |
_aNLR _j37.62.1.160а |
||
| 899 | _aРГБ | ||
| 942 | _cBOOK | ||
| 980 | _aNB | ||
| 980 | _aA1SV | ||